000 00180 a2200085 4500
041 _aeng
100 _aRH Fuller
245 _aTodd and the talking piąta talk sacrifice
942 _cBK
999 _c10160
_d10160